Efektivita internetové reklamy v systému PPC
Základné pojmy v oblasti internetovej reklamy, osobitne reklamy využívajúcej platobný systém PPC. Interpretácia výsledkov analýzy citlivosti prínosu reklamy na zmeny výšky ceny za klik, veľkosti čistého zisku a miery konverzie. Význam internetovej reklamy si uvedomujú aj české firmy, o čom svedčí st...
Saved in:
| Main Author: | |
|---|---|
| Format: | Book Chapter |
| Language: | Czech |
| Subjects: | |
| Tags: |
No Tags, Be the first to tag this record!
|
MARC
| LEADER | 00000nla$a2200000$$$4500 | ||
|---|---|---|---|
| 001 | 0076348 | ||
| 005 | 20220801085326.5 | ||
| 041 | 0 | |a cze | |
| 044 | |a CZ | ||
| 245 | 1 | 0 | |a Efektivita internetové reklamy v systému PPC |c Martina Hoďáková |
| 520 | |a Základné pojmy v oblasti internetovej reklamy, osobitne reklamy využívajúcej platobný systém PPC. Interpretácia výsledkov analýzy citlivosti prínosu reklamy na zmeny výšky ceny za klik, veľkosti čistého zisku a miery konverzie. Význam internetovej reklamy si uvedomujú aj české firmy, o čom svedčí stále rastúce číslo v absolútne vyjadrených objemoch investícií do internetovej reklamy behom posledných rokov. | ||
| 610 | 2 | 0 | |a reklama |
| 610 | 2 | 0 | |a internet |
| 610 | 2 | 0 | |a efektívnosť |
| 610 | 2 | 0 | |a investície |
| 610 | 2 | 0 | |a Česko |
| 100 | 1 | |a Hoďáková, Martina | |